| 000 | 00752nam a2200253Ia 4500 | ||
|---|---|---|---|
| 003 | GCL | ||
| 008 | 140319s9999 xx 000 0 ara d | ||
| 040 |
_aGCL / _cGCL |
||
| 082 | 0 | 4 |
_a192 _bب ف |
| 100 | 1 | _aاحمد خاكى | |
| 245 | 1 | 0 |
_aفكرة التقدم / _cاحمد خاكى |
| 700 | 1 | _aبيورى ج ب | |
| 700 | 1 | _aاحمد حمدى محمود | |
| 260 |
_aالقاهرة : _bالمجلس الاعلى للثقافة ، _c1982 |
||
| 300 |
_a297 ص ؛ _c22 سم |
||
| 490 | _a | ||
| 650 | 0 | 4 | _aالفلسفة الحديثة |
| 650 | 0 | 4 | _aالحركات الفكرية |
| 650 | 0 | 4 | _aالفلسفة الغربية |
| 650 | 0 | 4 | _aالمعرفة |
| 650 | 0 | 4 | _aالكون |
| 650 | 0 | 4 | _aالمدن الفاضلة |
| 942 |
_2ddc _cBK |
||
| 999 |
_c33457 _d33457 |
||